| 000 | 00387nam a2200145 4500 | ||
|---|---|---|---|
| 001 | 109328 | ||
| 003 | ES-MaACL | ||
| 005 | 20230906184825.0 | ||
| 007 | t| | ||
| 008 | 061121s1970 sp r ||||1| spa d | ||
| 245 | 0 | 0 | _aMisioneros del Verbo Divino. |
| 260 |
_aEstella (Navarra) : _bVerbo Divino, _c[1970] |
||
| 300 |
_a63 p., 44 lám. ; _c28 cm. |
||
| 852 |
_aES-MaACL _jC-41438 _bR.75408 |
||
| 999 |
_c109328 _d109328 |
||